[Event "1st Irena Warakomska Memorial "]
[Site "Suwalki"]
[Date "2017.08.12"]
[Round "2"]
[White "Tomczak, Jacek"]
[Black "Hnydiuk, Aleksander"]
[Result "1-0"]
[WhiteElo "2598"]
[BlackElo "2424"]
[Annotator "TA"]
[PlyCount "59"]
[EventDate "2017.??.??"]
[EventCountry "POL"]
[SourceTitle "playchess.com"]
[Source "ChessBase"]
[SourceQuality "1"]

{[%evp 10,59,44,45,31,28,33,7,4,0,0,0,0,0,0,0,30,44,57,72,68,59,66,82,79,74,202,210,192,176,189,175,194,235,279,277,514,511,512,514,510,504,498,464,575,572,583,582,571,560,546,555]} 1. e4 {[%cal Be2e4,Be4e5][%mdl 32]} Nf6 2. e5 Nd5 3. d4 d6 4. c4 Nb6 5. exd6 exd6 6. Nf3 Be7 {B03: Alekhine's Defence: Four Pawns Attack} 7. Be3 (7. h3 O-O 8. Bd3 Bf6 9. O-O Nc6 10. Nc3 Re8 11. Bc2 a5 12. Bf4 g6 13. c5 Nc4 14. Nd5 Nxb2 15. Qd2 Be6 16. Nxf6+ Qxf6 17. Bg5 Qg7 18. cxd6 Nc4 {½-½ (54) Frolyanov,D (2566)-Kobalia,M (2623) Kaliningrad 2015}) 7... O-O 8. Nbd2 Bf5 {The position is equal.} 9. Be2 Bf6 $146 ({Predecessor:} 9... Nc6 10. d5 Nb4 11. Nd4 Nd3+ 12. Kf1 Bg6 13. Qb3 Nc5 14. Qa3 Bf6 {0-1 (48) Teschke,O (2224)-Penzold,A (2387) Germany 2016}) 10. O-O Nc6 {[%cal Bb8c6,Bc6e5,Be5d3][%mdl 32]} 11. a3 a5 12. d5 $36 {[%mdl 2048] White is more active.} Ne5 (12... Ne7 {feels hotter.} 13. Nd4 Bg6 14. Bh5 Bd3 15. Be2 Bg6) 13. Nd4 Bd3 14. Bxd3 Nxd3 15. Qc2 Ne5 16. h3 a4 17. Nb5 Re8 (17... Nbd7 $16) 18. Bxb6 $1 $18 cxb6 19. Ne4 Be7 20. f4 Ng6 21. f5 Ne5 {[#]} 22. f6 $1 {[%mdl 512]} gxf6 $2 {[#]} (22... Bxf6 {is a better defense.} 23. Nbxd6 (23. Nexd6 Rf8 $16) 23... Be7) 23. Nbxd6 $1 {[%mdl 512] White is clearly winning.} Bxd6 24. Nxf6+ Kf8 25. Qxh7 Ke7 26. Rae1 ({Less strong is} 26. Nxe8 Qxe8 27. Rae1 Kd7 $16) 26... Bc5+ 27. Kh1 Kd6 {Black hopes to continue with ...Re7.} 28. Nxe8+ Qxe8 29. Rf6+ Kc7 {If only Black now had time for ...Qe7....} 30. Re6 {Precision: White = 89%, Black = 49%.} 1-0

[Event "1st Irena Warakomska Memorial "]
[Site "Suwalki"]
[Date "2017.08.12"]
[Round "2"]
[White "Sadzikowski, Daniel"]
[Black "Zochowski, Kacper"]
[Result "1-0"]
[WhiteElo "2594"]
[BlackElo "2239"]
[Annotator "TA"]
[PlyCount "129"]
[EventDate "2017.??.??"]
[EventCountry "POL"]
[SourceTitle "playchess.com"]
[Source "ChessBase"]
[SourceQuality "1"]

{[%evp 15,129,51,50,29,39,37,74,67,82,78,75,72,91,91,104,95,106,91,130,114,117,91,216,98,107,97,107,94,79,81,86,60,86,76,103,72,74,41,42,37,42,58,60,45,113,128,185,131,118,112,268,273,268,268,291,275,283,288,259,260,258,254,262,264,285,285,285,283,284,283,290,264,283,297,283,290,258,213,225,225,214,173,197,149,197,241,359,337,553,543,497,490,604,550,946,928,888,582,580,0,849,825,5597,6087,29987,29988,29992,29993,29995,29996,29996,29996,29996,29997,29997,29997]} 1. Nf3 d5 2. g3 e6 3. Bg2 f5 4. O-O Nf6 5. c4 c6 6. d3 Be7 7. b3 O-O 8. Bb2 a5 9. Nbd2 {[%cal Bb1d2,Bd2f3,Bf3g5][%mdl 32] A10: English Opening: Unusual Replies for Black} (9. Nc3 Na6 10. e3 Nc5 11. Qc2 Bd7 12. Ne5 Be8 13. Ne2 Nfd7 14. Rad1 Bh5 15. Nxd7 Qxd7 16. f3 Na6 {1-0 (47) Jakovenko,D (2732)-Sandipan,C (2583) Gibraltar 2016}) 9... Na6 10. a3 Ne8 $146 ({Predecessor:} 10... Ng4 11. Qc2 Bf6 12. e4 Bxb2 13. Qxb2 Nc5 14. exf5 exf5 15. Qc3 Qf6 16. Qxf6 Nxf6 {0-1 (32) Can,E (2531)-Sandipan,C (2567) St Petersburg 2015}) 11. Qc2 {White is better.} Bf6 12. Ne5 d4 13. f4 $1 c5 14. Ndf3 Nd6 15. e3 dxe3 16. Rae1 Qc7 17. Rxe3 Rb8 18. Ng5 Re8 (18... h6 $16 {was worth a try.}) 19. Rfe1 (19. Qe2 $18 {is more deadly.}) 19... h6 $16 20. Ngf3 b5 21. Nd2 Bb7 22. Bxb7 Qxb7 23. Ba1 b4 24. a4 Nf7 25. Nxf7 Qxf7 26. Bxf6 gxf6 27. Nf3 Rbd8 28. Qe2 {[%cal Re3e6]} Nc7 29. Nh4 Kh7 ({Black should play} 29... h5 $14) 30. Qf3 Qd7 (30... Rd6 $16 31. Qb7 Kg8) 31. Qh5 (31. Kf2 $18) 31... Qg7 {[#]} 32. Nxf5 $1 {[%mdl 512]} exf5 $2 (32... Qg6 $16 33. Qxg6+ Kxg6) 33. Rxe8 $18 Rxe8 34. Rxe8 Nxe8 35. Qxe8 $16 {[%mdl 4096] Endgame KQ-KQ} Qg4 36. Kg2 Qd1 37. Qf7+ Kh8 38. Qxf6+ Kg8 39. Qg6+ Kh8 40. Qxh6+ Kg8 41. Qg6+ Kh8 42. Qe8+ Kg7 43. Qe7+ Kg8 44. Qg5+ ({Don't do} 44. Qxc5 Qe2+ 45. Qf2 Qxd3 $18) 44... Kh8 45. Qf6+ Kg8 {intending ...Qe2+.} 46. Qxf5 Qxb3 47. Qe6+ Kf8 48. Qd6+ Kf7 49. f5 {[%cal Bf4f5,Bf5f6][%mdl 32] Hoping for Qe6+.} Qc2+ 50. Kh3 $1 Qe2 {[#]} (50... Qxa4 $142 51. Qe6+ Kf8 52. Qd6+ Kf7 53. Qxc5 Qd7 54. Qxa5 Qxd3 55. Qc7+ Kg8 56. Qc8+ Kg7 57. Qc7+ Kg8 58. Qb8+ Kf7 59. Qb7+ Kg8 60. Qb8+ Kf7 61. Qb7+ Kg8 62. Qc8+ Kg7 63. Qb7+ Kg8) 51. Qg6+ $1 $18 (51. Qxc5 Qh5+ 52. Kg2 Qe2+ 53. Kh3 Qh5+ 54. Kg2 Qe2+ 55. Kh3 $11) 51... Kf8 $2 {[#]} (51... Ke7 {keeps fighting.} 52. f6+ Kd6 53. f7+ Ke7) 52. f6 $1 {Qg7+ would kill now.} Qe6+ 53. Kh4 Qf7 54. Qf5 Kg8 55. Kg5 b3 56. Qc8+ Kh7 57. Qf5+ Kg8 $1 {Now ...b2 and Black clings on.} 58. Qxc5 Qb7 59. Qe5 {White wants to mate with Qe8+.} ({Not} 59. Qe7 $2 Qxe7 60. fxe7 Kf7 $19) 59... Kf7 60. c5 {[%cal Bc4c5,Bc5c6][%mdl 32] White mates.} b2 {[#]} 61. c6 $1 Qb4 (61... Qxc6 62. Qe7+) 62. Qd5+ Kf8 63. Qd8+ Kf7 64. Qd7+ Kf8 65. Qg7+ {Precision: White = 62%, Black = 48%.} 1-0

[Event "1st Irena Warakomska Memorial "]
[Site "Suwalki"]
[Date "2017.08.12"]
[Round "2"]
[White "Sandipan, Chanda"]
[Black "Scripcaru, George-Daniel"]
[Result "1-0"]
[WhiteElo "2568"]
[BlackElo "2247"]
[Annotator "TA"]
[PlyCount "63"]
[EventDate "2017.??.??"]
[EventCountry "POL"]
[SourceTitle "playchess.com"]
[Source "ChessBase"]
[SourceQuality "1"]

{[%evp 9,63,-25,14,26,25,16,22,-4,22,21,64,63,86,59,77,62,60,66,63,62,77,19,19,19,19,28,17,17,22,17,17,18,25,28,35,0,0,0,0,0,6,0,7,0,0,0,28,0,0,-12,14,14,15,0,1318,1300]} 1. g3 d5 2. Bg2 Nf6 3. f4 Nc6 4. Nf3 Bg4 5. O-O Qd6 $146 ({Predecessor:} 5... Bxf3 6. exf3 e6 7. d4 Bd6 8. Be3 h5 9. Nc3 Ne7 10. Nb5 Nf5 11. Qd2 Be7 12. Rfe1 c6 13. Nc3 {½-½ (49) Rodriguez Vila,A (2469)-Sosa,T (2385) Buenos Aires 2015}) 6. d4 {A03: Bird's Opening with 1...d5} Bxf3 7. Bxf3 e6 8. Qd3 {The position is equal.} Nb4 (8... Ne4 $5) 9. Qb3 Be7 10. c3 Na6 11. Nd2 ({Worse is} 11. Qxb7 Rb8 $17) 11... O-O 12. e4 dxe4 13. Nxe4 Nxe4 14. Bxe4 c5 15. Be3 ({Of course not} 15. Bxb7 Rab8 $11) (15. Rd1 $16) 15... cxd4 $11 16. Bxd4 Nc5 17. Qc2 Nxe4 18. Qxe4 Qc7 19. f5 exf5 20. Rxf5 {aiming for Re1.} g6 21. Rb5 b6 22. Rf1 Rad8 23. Qe3 Qd7 24. a4 (24. Re5 $5 {[%cal Re5e7]} Bd6 25. Ref5 $11) 24... Rfe8 25. Qf4 {[%csl Gf1][%cal Rf4f7] [#]} f6 26. b4 Qd6 27. Qf2 Qc6 28. h4 Rd6 29. h5 (29. Re5 $5) 29... Qc4 30. hxg6 hxg6 31. Qf4 {Threatens to win with Qh6.} Kg7 $2 {[%mdl 8192] [#]} (31... Qe6 $11 32. Qh6 Qg4) 32. Bxf6+ $1 {[%mdl 512] Precision: White = 38%, Black = 63%.} 1-0

[Event "1st Irena Warakomska Memorial "]
[Site "Suwalki"]
[Date "2017.08.12"]
[Round "2"]
[White "Kveinys, Aloyzas"]
[Black "Kaczmarek, Aleksander"]
[Result "1/2-1/2"]
[WhiteElo "2548"]
[BlackElo "2368"]
[Annotator "TA"]
[PlyCount "82"]
[EventDate "2017.??.??"]
[EventCountry "POL"]
[SourceTitle "playchess.com"]
[Source "ChessBase"]
[SourceQuality "1"]

{[%evp 9,82,48,47,45,76,71,70,76,72,75,103,100,103,82,83,81,73,74,68,66,104,95,142,110,101,83,85,48,127,116,119,124,114,61,42,44,50,50,53,61,66,76,70,66,53,59,69,51,80,31,50,40,114,26,33,0,0,-5,-6,-4,0,0,0,0,0,0,0,0,0,0,0,0,0,0,0]} 1. d4 c5 2. d5 e6 3. Nc3 d6 4. e4 a6 5. dxe6 Bxe6 6. Nge2 {A43: Schmid Benoni} Nf6 $146 ({Predecessor:} 6... Nc6 7. Nf4 Nf6 8. a4 Bd7 9. Nfd5 Nxd5 10. Nxd5 Ne7 11. Bc4 Nxd5 12. Bxd5 {1-0 (50) Burmakin,V (2530)-Kosanski,S (2425) Budapest 1994}) 7. Nf4 b5 8. a4 {White is slightly better.} b4 9. Ncd5 Nbd7 10. Nxe6 fxe6 11. Nf4 Qe7 12. Bc4 {Black must now prevent 0-0.} d5 13. exd5 exd5+ 14. Be2 Qd6 15. O-O Ne5 16. Re1 Be7 17. Bh5+ g6 18. Bf3 Rd8 ({Black should play} 18... Nxf3+ $14 19. Qxf3 O-O) 19. Qe2 $16 Nxf3+ 20. Qxf3 Ne4 {[#] ...0-0 would now be nice for Black.} 21. Qe2 (21. Nxd5 $1 $16 {[%mdl 512]} Qxd5 22. Bh6) 21... O-O $14 22. f3 Bh4 {Strongly threatening ...Bf2+.} 23. fxe4 ({Don't play} 23. g3 {[#]} Nxg3 $1 {[%mdl 512]} 24. Qe6+ Qxe6 $15) 23... Bxe1 24. e5 Qe7 {aiming for ...Bh4.} 25. Qxe1 Rf5 26. Bd2 Rxe5 27. Qg3 Rf8 28. h4 c4 29. c3 bxc3 30. bxc3 Qf6 (30... Re4 $14) 31. Kh2 (31. Nh3 $16) 31... Re4 $11 {[%cal Re4f4]} 32. Nxd5 Qd8 {The position is equal.} 33. Qg5 Qd6+ 34. Bf4 $1 {[%cal Rf4d6]} Rfxf4 35. Nxf4 Rxf4 {[%mdl 4096] Endgame KQR-KQR} 36. Kh3 Qd7+ (36... h6 $5 37. Qg3 Qe6+ 38. Kh2 Qf6 $11) 37. Kg3 Rf5 38. Qe3 Qd6+ 39. Kh3 Rd5 {And now ...Rd3 would win.} 40. Qe8+ $1 Kg7 {( -> ...Rd3+)} 41. Rf1 Rd3+ {Precision: White = 67%, Black = 62%.} 1/2-1/2

[Event "1st Irena Warakomska Memorial "]
[Site "Suwalki"]
[Date "2017.08.12"]
[Round "2"]
[White "Mihok, Oliver"]
[Black "Goluch, Piotr"]
[Result "1-0"]
[WhiteElo "2534"]
[BlackElo "2360"]
[Annotator "TA"]
[PlyCount "125"]
[EventDate "2017.??.??"]
[EventCountry "POL"]
[SourceTitle "playchess.com"]
[Source "ChessBase"]
[SourceQuality "1"]

{[%evp 14,125,0,4,47,41,41,40,48,39,46,40,46,42,48,44,60,45,44,45,48,39,44,24,39,10,14,0,32,35,41,25,33,16,20,16,29,25,27,31,64,72,64,63,76,67,77,59,70,72,87,85,111,94,98,103,101,102,100,100,98,97,83,89,116,124,140,94,233,112,112,114,112,118,112,121,195,143,141,115,127,116,125,140,248,230,359,347,393,389,347,347,520,510,519,504,475,450,520,513,1171,1166,1160,1147,1589,1552,1543,1450,1900,1834,1862,1852,1854,1805]} 1. e4 c6 2. Nc3 d5 3. Nf3 Bg4 4. h3 Bxf3 5. Qxf3 e6 6. d4 Nf6 7. Bd3 dxe4 8. Nxe4 Nbd7 {B11: Caro-Kann: Two Knights Variation} (8... Qxd4 9. c3 Qd8 10. O-O Nxe4 11. Bxe4 Bd6 12. Rd1 Qc7 13. Qd3 Be5 14. Bxh7 Nd7 15. Be4 O-O-O 16. Qf3 {½-½ (44) Mamedov,R (2655)-Eljanov,P (2765) Shamkir 2016}) 9. c3 Be7 10. O-O Nxe4 {White is slightly better.} 11. Bxe4 Nf6 12. Bc2 Qd5 13. Qd3 O-O 14. Bf4 Rfd8 $146 ({Find the theoretical novelty and annotate with similar games:} 14... g6 15. c4 Qd8 16. Rad1 {1-0 (56) Bednarski,J-Kvist,G Budapest 1959}) 15. Bc7 Rd7 16. Be5 {And now Bxf6 would win.} g6 17. Rfe1 (17. a4 {looks sharper.} Qa5 18. b4 Qd8 19. a5 Nd5 20. Rfe1) 17... Qb5 18. Qxb5 (18. c4 $5 {[%cal Rc4b5]} Qb6 19. a3 $16) 18... cxb5 19. a4 b4 20. c4 Rc8 21. Bb3 Ne8 22. d5 $36 {[%mdl 2048] White has some pressure.} Bc5 23. a5 f6 24. Bf4 {Strongly threatening Ba4.} (24. dxe6 $2 Rd3 $19) 24... e5 25. Bd2 Nc7 26. Bd1 Rcd8 27. Ra4 Na6 28. Re2 Rc7 29. b3 Kf7 30. Kf1 Re7 31. Bc2 Rde8 32. f3 f5 33. Bg5 Rc7 34. g4 fxg4 35. hxg4 (35. fxg4 $6 Kg7 $11) 35... Bd4 36. Bd2 Rf8 37. Bxb4 Nxb4 38. Rxb4 Ke7 39. Be4 Kd6 40. Rh2 Bc3 {[#]} (40... Rb8 $16) 41. Ra4 (41. c5+ $1 $18 {[%mdl 512] is the precise move to win.} Rxc5 42. Rxb7) 41... Kc5 $16 42. Ke2 Rf6 43. Kd3 Bb4 44. Rha2 h5 {[#]} (44... Rg7 $16 45. Ra1 Ra6) 45. g5 (45. gxh5 $1 $18 gxh5 46. Rg2) 45... Rf4 46. Ke3 (46. Bxg6 $6 Rxf3+ 47. Ke4 Rf4+ 48. Kxe5 Rf1 $11) 46... h4 47. Rh2 (47. Bxg6 Rg7 $14) 47... a6 48. Rh1 Bc3 {[#]} (48... Rcf7 $16 49. Ke2 (49. Bxg6 Rxf3+ 50. Ke4 R3f4+ 51. Kxe5 Bc3+ 52. Ke6 Rg7 $17) 49... Rh7) 49. Rc1 $1 $18 {[%cal Rc1c3]} (49. Bxg6 Bd4+ 50. Ke2 Rg7 $16) 49... Bb2 (49... Bb4 {is a better defense.} 50. d6 Rcf7) 50. b4+ Kd6 51. c5+ Kd7 52. Rh1 Kc8 (52... Bd4+ {was worth a try.} 53. Kd3 Rc8) 53. Kd3 {White is clearly winning.} Rh7 54. Ra2 ({Less strong is} 54. Kc2 Bd4 $16) 54... Bd4 55. Rh3 Rhf7 56. d6 Rxe4 (56... Rh7 $142 57. Rah2 Rh5) 57. fxe4 {[%mdl 4096] Endgame KRR-KRB} Rf4 58. Rah2 Kd7 59. Rxh4 Rf3+ 60. Ke2 Rb3 61. Rh7+ Kc6 62. Rc7+ Kb5 63. d7 {Precision: White = 68%, Black = 53%.} 1-0

[Event "1st Irena Warakomska Memorial "]
[Site "Suwalki"]
[Date "2017.08.12"]
[Round "2"]
[White "Vetoshko, Volodymyr"]
[Black "Plichta, Kamil"]
[Result "1-0"]
[WhiteElo "2517"]
[BlackElo "2341"]
[Annotator "TA"]
[PlyCount "136"]
[EventDate "2017.??.??"]
[EventCountry "POL"]
[SourceTitle "playchess.com"]
[Source "ChessBase"]
[SourceQuality "1"]

{[%evp 32,136,14,14,42,37,43,39,33,12,22,22,28,36,27,33,19,22,45,34,37,37,35,0,53,68,61,53,89,85,90,16,96,52,52,52,52,52,52,52,53,64,73,73,87,81,91,88,243,243,243,229,232,254,594,550,740,608,722,693,1412,2329,2553,2308,2162,1254,1942,1537,1589,1572,12833,12832,12834,12835,12835,12833,12833,12832,12833,12833,12837,12838,12838,12838,12189,0,12841,12841,12841,12842,12844,12843,12843,12843,12844,12844,12845,12845,12848,12847,12850,12850,12850,29979,29979,29980,29982]} 1. e4 e5 2. Nf3 Nc6 3. Bb5 a6 4. Ba4 Nf6 5. O-O Be7 6. Re1 b5 7. Bb3 d6 8. c3 O-O 9. h3 Nb8 10. d4 Nbd7 11. Nbd2 Bb7 12. Bc2 Re8 13. a4 Bf8 14. Bd3 c6 15. Qc2 {C95: Closed Ruy Lopez: Breyer Variation with 10 d4} g6 (15... Rc8 16. b3 g6 17. Bb2 Nh5 18. Bf1 Nf4 19. Rad1 exd4 20. cxd4 d5 21. Qb1 Qb6 22. Re3 c5 {0-1 (36) Hansen,E (2603)-Dominguez Perez,L (2739) chess.com INT 2017}) 16. dxe5 dxe5 17. Nb3 {LiveBook: 5 Games. The position is equal.} Qc7 18. c4 {[%cal Rc4b5]} bxa4 $146 ({Predecessor:} 18... Bb4 19. Bd2 Bxd2 20. Nbxd2 Qb6 21. b4 Nh5 22. Bf1 Rad8 23. axb5 cxb5 {1-0 (69) Reppert,V (1899)-Husemann,A (1993) LSS email 2012}) 19. Rxa4 c5 20. Nfd2 Nb8 21. Na5 Nc6 22. Nxc6 Bxc6 23. Ra3 Bh6 24. Nb3 Bxc1 25. Qxc1 Nd7 26. Qe3 Reb8 27. Nxc5 Nxc5 (27... Rxb2 $11 28. Bf1 Qb6 29. Nxd7 Qxe3 30. Rexe3 Bxd7) 28. Qxc5 $14 Rxb2 29. Rea1 Qb6 30. Qxb6 Rxb6 31. Ra5 ({White should try} 31. f3 $16) 31... Rd8 (31... Rb3 $11 32. Rxa6 Rxa6 33. Rxa6 Bb7) 32. Rxa6 (32. R1a3 {is more complex.} Bb7 33. Rxe5 Rbd6 34. Bf1 Rb6 35. Ra1) 32... Rxa6 33. Rxa6 Rxd3 34. Rxc6 $16 {[%mdl 4096] Endgame KR-KR} Rd1+ 35. Kh2 Re1 36. f3 Rc1 37. g4 Kg7 38. h4 h6 39. g5 hxg5 $2 (39... Rc3 $16) 40. hxg5 $18 Rc2+ 41. Kg3 Rc1 42. Kf2 Rc3 $2 (42... Rc2+ 43. Kg3 Rc1) 43. Rc8 Rc2+ 44. Ke3 Rg2 45. c5 Rxg5 46. c6 Rg1 {[#]} 47. Kd2 $1 Rg2+ 48. Kd3 Rg1 49. Kc4 Rc1+ 50. Kd5 Kf6 51. Re8 Rc3 52. Kd6 Rd3+ 53. Kc5 Rc3+ 54. Kb6 Rb3+ 55. Ka6 Ra3+ {[#]} 56. Kb7 $1 Rb3+ 57. Kc8 Rxf3 58. c7 {Kd7 is the strong threat.} Re3 $2 {[%mdl 8192]} (58... Rb3 $11 59. Kd7 Rd3+ 60. Kc6 Rc3+ 61. Kb6 Rb3+ 62. Ka5 Rc3) 59. Kb7 Rb3+ 60. Ka6 Rc3 61. Kb6 Rb3+ 62. Ka5 Rc3 63. c8=Q Rxc8 64. Rxc8 Kg5 65. Kb4 Kf4 66. Rf8 g5 67. Rxf7+ Kxe4 68. Kc3 Kd5 {Precision: White = 74%, Black = 30%.} 1-0

[Event "1st Irena Warakomska Memorial "]
[Site "Suwalki"]
[Date "2017.08.12"]
[Round "2"]
[White "Leniart, Arkadiusz"]
[Black "Mulet, Piotr"]
[Result "1-0"]
[WhiteElo "2480"]
[BlackElo "2295"]
[Annotator "TA"]
[PlyCount "45"]
[EventDate "2017.??.??"]
[EventCountry "POL"]
[SourceTitle "playchess.com"]
[Source "ChessBase"]
[SourceQuality "1"]

{[%evp 20,45,8,0,158,162,234,211,210,209,439,427,725,714,691,650,536,480,426,453,1032,1025,960,373,2153,2012,1661,995]} 1. d4 Nf6 2. c4 g6 3. Nc3 d5 4. Nf3 Bg7 5. Bg5 dxc4 6. e4 {[%cal Be2e4,Be4e5][%mdl 32]} c5 7. d5 {[%cal Bd4d5,Bd5d6][%mdl 32]} b5 8. d6 Bb7 9. e5 {D91: Grünfeld: 4 Nf3 Bg7 5 Bg5} Ne4 10. Nxe4 Bxe4 11. a4 {[%cal Ba2a4,Ba4b5][%mdl 32] LiveBook: 7 Games. The position is equal.} (11. Qe2 $5 {[%cal Re2e4]} Bf5 12. g4 $11 (12. dxe7 Qa5+ 13. Bd2 Qc7 $11)) 11... f6 $2 {[#]} (11... a6 $1 $11) 12. axb5 $146 ({Predecessor:} 12. exf6 exf6 13. axb5 fxg5 14. Bxc4 Kf8 15. O-O Bf6 16. Re1 Bb7 {1-0 (30) Nisipeanu,L (2677)-Lupulescu,C (2591) Khanty-Mansiysk 2009}) 12... exd6 (12... c3 $142 13. bxc3 (13. exf6 exf6 14. Bc1 f5 $14) 13... exd6) 13. exf6 $18 (13. exd6 c3 $14) 13... Bxf6 14. Bxc4 Nd7 $2 {[#]} (14... Bxg5 15. Bd5 Bxd5 16. Qxd5 Nd7) 15. O-O $1 {[%cal Bh1f1,Bf1e1,Be1e4][%mdl 32] Strongly threatening Re1.} Bxg5 (15... Nb6 $142 16. Re1 d5 17. Bxf6 Qxf6 18. Bxd5 O-O-O) 16. Re1 Be7 17. Rxe4 {aiming for Qd5.} Nf6 18. Ng5 d5 19. Ne6 Qc8 (19... Qd7 $142 20. Bxd5 (20. Nxc5 Qf5 $16) 20... Nxd5) 20. Bxd5 Nxe4 21. Bxe4 $2 (21. Qe1) 21... Rb8 $2 (21... Qxe6 22. Bxa8 Qb6) 22. Bc6+ Kf7 23. Rxa7 {Precision: White = 84%, Black = 23%.} 1-0

[Event "1st Irena Warakomska Memorial "]
[Site "Suwalki"]
[Date "2017.08.12"]
[Round "2"]
[White "Jarmula, Lukasz"]
[Black "Mucha, Piotr"]
[Result "1-0"]
[WhiteElo "2457"]
[BlackElo "2155"]
[Annotator "TA"]
[PlyCount "79"]
[EventDate "2017.??.??"]
[EventCountry "POL"]
[SourceTitle "playchess.com"]
[Source "ChessBase"]
[SourceQuality "1"]

{[%evp 18,79,58,26,30,41,72,64,72,66,67,60,69,43,35,36,58,0,50,56,48,42,58,45,81,80,118,125,191,189,183,189,192,181,192,187,160,183,193,186,225,237,231,226,239,236,246,231,255,214,307,266,276,279,269,260,328,321,388,377,431,431,525,500]} 1. e4 c5 2. Nf3 e6 3. d4 cxd4 4. Nxd4 Nc6 5. Nc3 Qc7 6. Be3 Nf6 7. f4 d6 8. Qf3 Be7 9. O-O-O O-O 10. Be2 {LiveBook: 7 Games. B82: Sicilian Scheveningen: 6 f4} (10. Ndb5 Qb8 11. h3 a6 12. Nd4 Nxd4 13. Bxd4 b5 14. e5 Bb7 15. Qg3 Nh5 16. Qg4 g6 17. Bd3 dxe5 18. fxe5 {0-1 (65) Deac,B (2543)-Korobov,A (2687) Bastia 2016}) 10... Nxd4 11. Bxd4 a6 $146 ({Predecessor:} 11... Bd7 12. e5 Bc6 13. exf6 Bxf3 14. fxe7 Rfe8 15. Bxf3 d5 16. Be5 Qxe7 17. Kb1 Qc5 {1-0 (50) Conato,L-Vaccher,A ICCF email 2009}) 12. e5 {White is better.} Nd7 {[%cal Rd6e5]} 13. exd6 Bxd6 14. Rhf1 Bc5 15. Ne4 $40 {[%mdl 128] White is up to no good.} Bxd4 16. Rxd4 e5 17. fxe5 (17. Rd2 $14) 17... Qxe5 18. Rdd1 Qa5 19. Qb3 Qe5 20. Bf3 Qf4+ 21. Kb1 Ne5 22. Nd6 {[%cal Be4d6,Bd6f7,Bf7h6][%mdl 32]} Nxf3 (22... Be6 $16 23. Bd5 (23. Bxb7 Qxf1 24. Rxf1 Bxb3 $11) (23. Qxb7 Qxh2 24. Qxa8 Rxa8 $16) 23... Qg4) 23. Rxf3 $18 ({Not} 23. Qxf3 Qxf3 24. gxf3 Rd8 $11) 23... Qg4 24. Nxf7 {[#] Threatening mate with Nh6+.} Be6 25. Nh6+ $1 gxh6 26. Rg3 {White threatens Qxe6+ and mate.} Bxb3 27. Rxg4+ Kh8 {...Be6 is the strong threat.} 28. axb3 Rad8 29. Rxd8 Rxd8 {[%mdl 4096] Endgame KR-KR} 30. c4 {[%cal Bc2c4,Bc4c5][%mdl 32]} Rd2 31. c5 h5 {[#]} 32. Rg5 $1 h4 33. h3 h6 (33... Rd4 {keeps fighting.} 34. Ka2 h6) 34. Rg4 Kh7 35. Rb4 ({Resist} 35. Rxh4 $6 Rxg2 36. Rb4 Rg7 $16) 35... Rd7 36. Rxh4 Rd5 37. Rb4 Rd7 38. Rb6 Rc7 39. b4 Kg7 40. g4 {Precision: White = 75%, Black = 28%.} 1-0

[Event "1st Irena Warakomska Memorial "]
[Site "Suwalki"]
[Date "2017.08.12"]
[Round "2"]
[White "Bilguun, Sumiya"]
[Black "Wisniewski, Michal"]
[Result "1-0"]
[WhiteElo "2443"]
[BlackElo "2180"]
[Annotator "TA"]
[PlyCount "67"]
[EventDate "2017.??.??"]
[EventCountry "POL"]
[SourceTitle "playchess.com"]
[Source "ChessBase"]
[SourceQuality "1"]

{[%evp 10,67,42,58,78,55,48,37,33,44,33,43,57,16,34,-22,24,37,36,0,3,0,0,-90,-102,-107,-100,-117,-65,-89,774,807,772,760,875,876,878,866,866,885,863,875,890,885,890,861,827,876,865,866,862,849,856,877,885,810,911,910,1027,996]} 1. e4 c5 2. Nf3 d6 3. c3 Nf6 4. Be2 Nbd7 5. Qc2 b6 (5... Qc7 6. O-O b6 7. c4 Bb7 8. Nc3 e6 9. d4 cxd4 10. Nxd4 Be7 11. Be3 Rc8 12. Rfd1 a6 13. f3 O-O 14. Qd2 {½-½ (31) Jones,G (2657)-Hracek,Z (2598) Gjakova 2016}) 6. d4 {LiveBook: 11 Games. B50: Sicilian: 2...d6, Miscellaneous} e5 7. dxe5 $146 ({Predecessor:} 7. Bb5 Qc7 8. O-O a6 9. Bxd7+ Bxd7 10. dxe5 dxe5 11. c4 Be7 12. Bg5 O-O 13. Nc3 {½-½ (70) Rosic,S (2210)-Kristovic,M (2282) Zupanja 2012}) 7... dxe5 8. Bg5 {White is slightly better.} Be7 9. c4 O-O 10. Nc3 Ne8 {[%cal Bf6e8,Be8c7,Bc7e6,Be6d4][%mdl 32]} 11. h4 Nc7 12. Qa4 (12. Nd5 $14 f6 13. Bd2) 12... Bxg5 13. hxg5 Ne6 14. Qc6 (14. g6 $5) 14... Rb8 15. g6 $36 {[%mdl 2048] White fights for an advantage.} hxg6 16. Rd1 (16. Qd6 $11) 16... Nd4 $17 17. Qa4 a6 18. Rd3 {[%cal Bd1d3,Bd3h3,Bh3h5][%mdl 32]} Bb7 ({Better is} 18... Nf6 $17 {And now ...b5 would win.} 19. Nxe5 Qe8 20. Qxe8 Rxe8) 19. Ng5 {White wants to mate with Rdh3.} Nf6 $2 {[%mdl 8192] [#]} ({Don't go for} 19... Qxg5 $2 20. Rdh3 $18) (19... f6 $17 20. Ne6 Nxe6 21. Rxd7 Qe8) 20. Rdh3 $1 $18 {[%csl Gh1][%cal Rh3h8] White is clearly winning.} Nh5 21. Bxh5 {White threatens Be2 and mate.} gxh5 22. Rxh5 {[%csl Gh1][%cal Rh5h8]} g6 23. Rh8+ Kg7 24. R1h7+ Kf6 25. Rxf8 Qxf8 26. Rxf7+ Qxf7 27. Nxf7 Bc6 28. Qxa6 Kxf7 29. Qa7+ Rb7 {[#]} 30. Qa8 $1 Rd7 31. Qh8 Nc2+ 32. Ke2 Nd4+ 33. Kf1 b5 34. Nd5 {Precision: White = 67%, Black = 44%.} 1-0